Ritual padi bukit komuniti Iban Sarawak /
Saved in:
| Main Author: | |
|---|---|
| Format: | Thesis Book |
| Language: | Malay |
| Published: |
2005.
|
| Subjects: | |
| Tags: |
Add Tag
No Tags, Be the first to tag this record!
|
| LEADER | 01164cam a2200277 a 4500 | ||
|---|---|---|---|
| 001 | u741902 | ||
| 003 | SIRSI | ||
| 005 | 200707191724 | ||
| 008 | 070719s2005 my a t 000 0 may m | ||
| 040 | |a UMM |d UMPM | ||
| 043 | |a a-my-sr | ||
| 090 | |a PL5065 |b UM 2005 Dor | ||
| 100 | 0 | |a Dora Kuntek Daud. | |
| 245 | 1 | 0 | |a Ritual padi bukit komuniti Iban Sarawak / |c Dora Kuntek anak Daud. |
| 260 | |c 2005. | ||
| 300 | |a iii, 405 p. : |b ill. ; |c 30 cm. | ||
| 502 | |a Dissertation (M.Malay.Stud.) -- Akademi Pengajian Melayu, Universiti Malaya, 2006. | ||
| 504 | |a Bibliography: leaves 369-378. | ||
| 650 | 0 | |a Rice |x Social aspects |z Sarawak. | |
| 650 | 0 | |a Iban (Bornean people) |x Rites and ceremonies |z Sarawak. | |
| 710 | 2 | 0 | |a Universiti Malaya. |b Akademi Pengajian Melayu. |
| 900 | |a NAR | ||
| 596 | |a 1 23 | ||
| 999 | |a PL5065 UM 2005 DOR |w LC |c 1 |i A513012518 |d 27/12/2022 |e 27/12/2022 |f 24/8/2007 |g 1 |l STACKS |m P01UTAMA |n 9 |r Y |s Y |t TESIS |u 23/8/2007 | ||
| 999 | |a PL5065 UM 2005 DOR |w LC |c 1 |i A512943470 |d 31/10/2007 |f 31/10/2007 |g 1 |l STACKS |m P23MELAYU |r Y |s Y |t TESIS |u 31/10/2007 | ||
| 999 | |a PL5065 UM 2005 DOR |w LC |c 2 |i A503744210 |d 30/6/2015 |e 30/6/2015 |l STACKS |m P23MELAYU |n 2 |r Y |s Y |t TESIS |u 2/6/2015 | ||
